| 000 | 00742nam a2200229 i 4500 | ||
|---|---|---|---|
| 001 | 14856 | ||
| 003 | ES-MaACL | ||
| 005 | 20230906150920.0 | ||
| 007 | t| | ||
| 008 | 990623m19911994sp |||| | spa d | ||
| 020 | _a84-86133-90-4 | ||
| 080 | _a37(460)(091) | ||
| 100 | 1 |
_aCapitán Díaz, Alfonso. _934850 |
|
| 245 | 1 | 0 |
_aHistoria de la educación en España / _cAlfonso Capitán Díaz. |
| 260 |
_aMadrid : _bDykinson, _c1991-1994. |
||
| 300 |
_a2 v. ; _c24 cm. |
||
| 500 | _aÍndice. | ||
| 504 | _aBibliografía. | ||
| 505 | 8 | _aContiene: I. De los orígenes al Reglamento General de Instrucción Pública (1821) - II. Pedagogía contemporánea | |
| 650 | 4 |
_aEnseñanza- _zEspaña- _vHistoria. _912285 |
|
| 852 |
_aES-MaACL _jL-22069-70 |
||
| 999 |
_c14856 _d14856 |
||